Introduction to principles & liabilities in criminal law

Bibliographic Details
Main Authors: Lee, Chong Fook (Author), Che Audah Hassan (Author)
Format: Book
Published: Singapore : LexisNexis , 2006
Subjects:

MARC

LEADER 00000cam a2200000 7i4500
001 0000054521
005 20161114093000.0
008 081109s2006 si eng
020 |a 9679627586 
050 0 0 |a d29 K5015.4   |b .L44 2006 
090 0 0 |a d29 K5015.4   |b .L44 2006 
100 0 |a Lee, Chong Fook ,   |e author 
245 0 0 |a Introduction to principles & liabilities in criminal law   |c Lee Chong Fook, Che Audah Hassan 
246 3 0 |a Introduction to principles & liabilities in criminal law 
260 |a Singapore :   |b LexisNexis ,   |c 2006 
300 |a xxviii, 185 p. ;   |c 25 cm. 
500 |a Table of cases "xv-xxii" 
500 |a Table of Statutes "xxv-xxviii" 
650 0 |a Criminal law 
650 0 |a Liability (Law) 
700 0 |a Che Audah Hassan ,   |e author 
999 |a 1000116684   |b Book   |c OPEN SHELF (30 DAYS)   |e Gong Badak Campus 
999 |a 1000116685   |b Book   |c OPEN SHELF (30 DAYS)   |e Gong Badak Campus